PHARMACEUTICAL PRODUCTION AND MANAGEMENT (Record no. 27094)
[ view plain ]
| 000 -LEADER | |
|---|---|
| fixed length control field | 00422nam a22001697a 4500 |
| 003 - CONTROL NUMBER IDENTIFIER | |
| control field | SGT |
| 020 ## - INTERNATIONAL STANDARD BOOK NUMBER | |
| International Standard Book Number | 8185731403 |
| 082 ## - DEWEY DECIMAL CLASSIFICATION NUMBER | |
| Classification number | 615.19 |
| Item number | P22S |
| 100 ## - MAIN ENTRY--PERSONAL NAME | |
| Personal name | SUBRAHMANYAM, C.V.S |
| 245 ## - TITLE STATEMENT | |
| Title | PHARMACEUTICAL PRODUCTION AND MANAGEMENT |
| 250 ## - EDITION STATEMENT | |
| Edition statement | 1ST |
| 260 ## - PUBLICATION, DISTRIBUTION, ETC. (IMPRINT) | |
| Place of publication, distribution, etc | DELHI |
| Name of publisher, distributor, etc | VALLABH PRAKASHAN |
| Year of Publication | 2022 |
| 300 ## - PAGE DESCRIPTION | |
| No. of Pages | 496 |
| 650 ## - SUBJECT ADDED ENTRY--TOPICAL TERM | |
| Topical term or geographic name as entry element | PAHRMACY MANAGEMENT |
| 653 ## - KEYWORDS--INDEX TERM | |
| Keyword term | PHARMACEUTICAL, PRODUCTION, MANAGEMENT |
| 942 ## - ADDED ENTRY ELEMENTS (KOHA) | |
| Source of classification or shelving scheme | Dewey Decimal Classification |
| Koha item type | Books |
| Withdrawn status | Lost status | Source of classification or shelving scheme | Damaged status | Not for loan | Collection code | Home library | Current library | Shelving location | Date acquired | Vendor Name | Cost, normal purchase price | SGTU | Bill Number | Total Checkouts | Full call number | Accession No. (Barcode) | Date last seen | Bill Date | Koha item type | Use restrictions |
|---|---|---|---|---|---|---|---|---|---|---|---|---|---|---|---|---|---|---|---|---|
| Dewey Decimal Classification | PHARMACY | SGT FA-FP Library | SGT FA-FP Library | Text Book | 03/10/2024 | AHUJA PUB. | 420.00 | SGTU | 19381 | 615.19 P22S | FP5216 | 03/10/2024 | 13/08/2024 | Books | ||||||
| Dewey Decimal Classification | PHARMACY | SGT FA-FP Library | SGT FA-FP Library | Text Book | 03/10/2024 | AHUJA PUB. | 420.00 | SGTU | 19381 | 615.19 P22S | FP5217 | 03/10/2024 | 13/08/2024 | Books | ||||||
| Dewey Decimal Classification | PHARMACY | SGT FA-FP Library | SGT FA-FP Library | Text Book | 03/10/2024 | AHUJA PUB. | 420.00 | SGTU | 19381 | 615.19 P22S | FP5218 | 03/10/2024 | 13/08/2024 | Books | ||||||
| Dewey Decimal Classification | PHARMACY | SGT FA-FP Library | SGT FA-FP Library | Text Book | 03/10/2024 | AHUJA PUB. | 420.00 | SGTU | 19381 | 615.19 P22S | FP5219 | 03/10/2024 | 13/08/2024 | Books | ||||||
| Dewey Decimal Classification | PHARMACY | SGT FA-FP Library | SGT FA-FP Library | Reference Book | 03/10/2024 | AHUJA PUB. | 420.00 | SGTU | 19381 | 615.19 P22S | FP5220 | 03/10/2024 | 13/08/2024 | Books | Restricted Access |